Culture générale ! Une image... Un des... (35) - Statistiques

Statistiques générales
  • Ce quiz a été pris 94 fois
  • Le résultat moyen est 16 sur 30
Statistiques - réponses
Par images Hint Réponse % Correct
spécialités françaises escargots
94%
cartes à jouer joker
93%
objets volants OVNI | Objet volant non identifié | Soucoupe volante
93%
Simpson Marge
91%
pays européens Ukraine
88%
musiques disco
85%
arts japonais origami
85%
villes d australie Sydney
84%
civilisations amérindiennes inca
74%
animaux du monde yak
73%
marques d appareils photo Polaroïd
66%
fleurs orchidée
65%
types de café expresso
59%
pays du monde Norvège
56%
pays du monde Maroc
55%
félins Panthère noire
54%
oiseaux pélican
51%
accessoires informatiques câble {ethernet}
45%
alcools absinthe
44%
états américains Hawaï
44%
type de pont aqueduc
41%
consoles de jeu Atari
37%
serpents anaconda
35%
satellites Spoutnik
32%
guerriers samouraï
23%
blasons de région de gendarmerie Occitanie
20%
couleurs indigo
18%
états américains Pennsylvanie
10%
parties de l Irlande Ulster
9%
Iles Iles {Shetland}
0%
Aucun quiz correspondant
Distribution des résultats
% des personnes avec chaque résultat
Percentile par nombre de réponses
Votre historique - résultats
Vous n’avez pas pris ce quiz